000 00855nam a2200265 i 4500
001 000032212
003 DO-SdBNP
005 20250430120255.0
007 ta
008 110713s1982 dr 000 0 spa d
040 _aDO-SdBNP
_bspa
_cBNPHU
_erda
082 _axxx
_bH967l
_222
100 1 _aHurtado de Mendoza, Diego
_d1503-1575
_915005
_eautor
_4aut.
245 1 3 _aEl lazarillo de Tormes /
_cDiego Hurtado de Mendoza.
264 1 _aSanto Domingo :
_bCentral de libros,
_c1982.
300 _a85 páginas
_c17 cm.
_c21 cm.
336 _atexto
_btxt
_2rdacontent
337 _asin mediación
_bn
_2rdamedia
338 _avolumen
_bnc
_2rdacarrier
490 1 _aAutores clásicos
500 _aLos 2 ejemplares que posee la biblioteca Nacional son de tamaños diferentes.
590 _aInventariado, 2025/ YL
910 _aYLockward
942 _2ddc
_cLBS1
999 _c31703
_d31703